[Event "Brasschaat op 12th"]
[Site "Brasschaat"]
[Date "2012.08.24"]
[Round "7"]
[White "Beuselinck, Steven"]
[Black "Colijn, Stefan"]
[Result "0-1"]
[WhiteElo "2148"]
[BlackElo "2220"]
[PlyCount "84"]
[EventDate "2012.08.18"]
[EventType "swiss"]
[EventRounds "9"]
[EventCountry "BEL"]
[SourceTitle "EXT 2017"]
[Source "ChessBase"]
[SourceDate "2016.10.25"]
[SourceVersion "1"]
[SourceVersionDate "2016.10.25"]
[SourceQuality "1"]

1. Nf3 Nf6 2. c4 c6 3. b3 d5 4. Bb2 Bf5 5. d3 h6 6. Nbd2 e6 7. a3 Nbd7 8. Qc2 Bh7 9. g3 Be7 10. Bg2 0-0 11. 0-0 a5 12. Rac1 Qb6 13. e4 dxe4 14. dxe4 Rfd8 15. Bd4 Bc5 16. Bxc5 Nxc5 17. Ne5 Qc7 18. f4 Rxd2 19. Qxd2 Nxb3 20. Qe3 Nxc1 21. Rxc1 Rd8 22. c5 Qe7 23. Bf3 Nd7 24. Rd1 Nxe5 25. fxe5 Rxd1+ 26. Bxd1 Qd8 27. Bc2 Bg6 28. Kf2 Kf8 29. Ke1 Ke7 30. Qb3 Qc7 31. Kd2 h5 32. Qb2 f6 33. exf6+ gxf6 34. e5 Bxc2 35. exf6+ Kf7 36. Kxc2 h4 37. Qc3 hxg3 38. hxg3 e5 39. Qd3 Kxf6 40. g4 Qe7 41. Qd6+ Qxd6 42. cxd6 Ke6 0-1

[Event "Brasschaat op 12th"]
[Site "Brasschaat"]
[Date "2012.08.23"]
[Round "6"]
[White "Rjabzev, Konstantin"]
[Black "Beuselinck, Steven"]
[Result "1/2-1/2"]
[WhiteElo "2279"]
[BlackElo "2148"]
[PlyCount "69"]
[EventDate "2012.08.18"]
[EventType "swiss"]
[EventRounds "9"]
[EventCountry "BEL"]
[SourceTitle "CBM 150 Extra"]
[Source "ChessBase"]
[SourceDate "2012.10.19"]
[SourceVersion "1"]
[SourceVersionDate "2012.10.19"]
[SourceQuality "1"]

1. e4 c5 2. Nf3 e6 3. d4 cxd4 4. Nxd4 a6 5. c4 b6 6. Nc3 Bb7 7. Bd3 d6 8. 0-0 Nd7 9. Re1 Ngf6 10. Be3 h6 11. Rc1 g5 12. f3 Be7 13. Bf2 Ne5 14. Bf1 Nfd7 15. Na4 Qb8 16. b4 Bd8 17. c5 bxc5 18. bxc5 dxc5 19. Nxc5 Nxc5 20. Rxc5 Nd7 21. Qa4 Bb6 22. Rc2 Qd6 23. e5 Qe7 24. Nc6 Bxf2+ 25. Kxf2 Bxc6 26. Rxc6 0-0 27. Rc7 Nb6 28. Qc2 Qb4 29. Re4 Qa5 30. Rc5 Rfc8 31. Rxa5 Rxc2+ 32. Re2 Rc6 33. Re4 Nd5 34. Rc4 Rb6 35. Rc2 1/2-1/2

[Event "BEL-chT 0607"]
[Site "Belgium"]
[Date "2006.12.08"]
[Round "7"]
[White "Beuselinck, Steven"]
[Black "Erwich, Marc"]
[Result "0-1"]
[WhiteElo "2164"]
[BlackElo "2390"]
[PlyCount "114"]
[EventDate "2006.10.01"]
[EventType "team-tourn"]
[EventRounds "11"]
[EventCountry "BEL"]
[SourceTitle "EXT 2008"]
[Source "ChessBase"]
[SourceDate "2007.11.25"]
[SourceVersion "1"]
[SourceVersionDate "2007.11.25"]
[SourceQuality "1"]
[WhiteTeam "KBSK Brugge II"]
[BlackTeam "Namur"]
[WhiteTeamCountry "BEL"]
[BlackTeamCountry "BEL"]

1. d4 Nf6 2. c4 e6 3. Nf3 b6 4. g3 Bb7 5. Bg2 Be7 6. 0-0 0-0 7. b3 d5 8. Nbd2 Na6 9. Bb2 c5 10. a3 dxc4 11. Nxc4 Rc8 12. Nfe5 Bxg2 13. Kxg2 Qd5+ 14. f3 Rfd8 15. dxc5 Qxc5 16. Qe1 b5 17. b4 Qc7 18. Ne3 Qb6 19. N3g4 Ne8 20. Rc1 f6 21. Nd3 Nd6 22. Rxc8 Rxc8 23. Qa1 Nc4 24. Bd4 Qb7 25. Rc1 h5 26. Ngf2 e5 27. Bc3 Nc7 28. Qa2 Kf8 29. Kg1 Nd5 30. Ne4 Qb6+ 31. Nec5 Nxc3 32. Rxc3 a5 33. Kh1 Qc6 34. Rc1 axb4 35. axb4 Ra8 36. Qc2 Qd5 37. e4 Qc6 38. f4 exf4 39. Nxf4 Bxc5 40. bxc5 Re8 41. Re1 Qxc5 42. Qe2 Nd6 43. e5 Qc6+ 44. Kg1 fxe5 45. Ng6+ Kg8 46. Qxh5 Nf7 47. Rf1 Re6 48. Qf5 Rxg6 49. Qxf7+ Kh7 50. Rf5 Qc1+ 51. Kg2 Qc2+ 52. Kg1 Qd1+ 53. Kg2 Qe2+ 54. Kg1 b4 55. Qd5 Rh6 56. Rf2 Qe1+ 57. Kg2 Rxh2+ 0-1

[Event "Condom op 5th"]
[Site "Condom"]
[Date "2006.07.14"]
[Round "8"]
[White "Beuselinck, Steven"]
[Black "Serafimov, Dimitar"]
[Result "1-0"]
[WhiteElo "2161"]
[BlackElo "2157"]
[PlyCount "103"]
[EventDate "2006.07.08"]
[EventType "swiss"]
[EventRounds "9"]
[EventCountry "FRA"]
[SourceTitle "CBM 113 Extra"]
[Source "ChessBase"]
[SourceDate "2006.09.14"]
[SourceVersion "1"]
[SourceVersionDate "2006.09.14"]
[SourceQuality "1"]

1. c4 e6 2. e3 d5 3. b3 Nf6 4. Bb2 Be7 5. Nf3 c5 6. d3 Nc6 7. a3 0-0 8. Be2 b6 9. Nbd2 Bb7 10. Rg1 Qc7 11. g4 Rfd8 12. h4 dxc4 13. bxc4 Nd7 14. g5 Nce5 15. Qc2 Nxf3+ 16. Nxf3 Bd6 17. Qc3 e5 18. h5 Re8 19. Nh4 g6 20. f4 a6 21. Bg4 b5 22. hxg6 fxg6 23. f5 b4 24. Qc2 Nf8 25. e4 Bc8 26. Qh2 bxa3 27. Bc3 Rb8 28. fxg6 hxg6 29. Bd1 Re7 30. Rxa3 Rh7 31. Qg3 Rb1 32. Rf1 Qd7 33. Kd2 Qh3 34. Qxh3 Bxh3 35. Rxf8+ Bxf8 36. Nxg6 Bf1 37. Bxe5 Bg7 38. Bg4 Bxe5 39. Be6+ Kg7 40. Nxe5 Rb6 41. Bf5 Rh2+ 42. Ke3 Rd6 43. Ra5 Re2+ 44. Kf3 Rd2 45. Rxc5 Bxd3 46. Rc7+ Kf8 47. c5 Be2+ 48. Ke3 R6d4 49. g6 Bh5 50. g7+ Kg8 51. Be6+ Bf7 52. Rxf7 1-0

[Event "Condom op 5th"]
[Site "Condom"]
[Date "2006.07.12"]
[Round "6"]
[White "Beuselinck, Steven"]
[Black "Foulon, Greta"]
[Result "1-0"]
[WhiteElo "2161"]
[BlackElo "1975"]
[PlyCount "55"]
[EventDate "2006.07.08"]
[EventType "swiss"]
[EventRounds "9"]
[EventCountry "FRA"]
[SourceTitle "CBM 113 Extra"]
[Source "ChessBase"]
[SourceDate "2006.09.14"]
[SourceVersion "1"]
[SourceVersionDate "2006.09.14"]
[SourceQuality "1"]

1. c4 Nf6 2. e3 g6 3. b3 Bg7 4. Bb2 0-0 5. d3 d6 6. Nd2 c5 7. Be2 Nc6 8. a3 Rb8 9. Qc2 a6 10. Rc1 b5 11. cxb5 axb5 12. Bf3 Na5 13. b4 Nb7 14. Ne2 Qb6 15. 0-0 Bf5 16. Bxb7 Qxb7 17. e4 Bd7 18. bxc5 dxc5 19. Nb3 c4 20. Nc5 Qc6 21. Nxd7 Qxd7 22. dxc4 bxc4 23. Rfd1 Qb7 24. Bxf6 Bxf6 25. Qxc4 Rfc8 26. Qa4 Ra8 27. Qb4 Rcb8 28. Rd8+ 1-0

[Event "Balatonalmadi Pannonia Cup 10th"]
[Site "Balatonalmadi"]
[Date "2005.07.31"]
[Round "7"]
[White "Beuselinck, Steven"]
[Black "Laszlo, Janos"]
[Result "1-0"]
[WhiteElo "2147"]
[BlackElo "2287"]
[PlyCount "107"]
[EventDate "2005.07.27"]
[EventType "swiss"]
[EventRounds "7"]
[EventCountry "HUN"]
[SourceTitle "EXT 2008"]
[Source "ChessBase"]
[SourceDate "2007.11.25"]
[SourceVersion "1"]
[SourceVersionDate "2007.11.25"]
[SourceQuality "1"]

1. c4 g6 2. d4 Bg7 3. Nf3 Nf6 4. Nc3 c5 5. e4 cxd4 6. Nxd4 0-0 7. Be2 Nc6 8. Nc2 b6 9. 0-0 Bb7 10. f3 Qb8 11. Qe1 Rc8 12. Be3 Na5 13. Na3 Ba6 14. b3 Bb7 15. Rd1 e6 16. Nab5 Ne8 17. Rf2 a6 18. Nd4 Qc7 19. Na4 Rab8 20. Nxe6 dxe6 21. Bxb6 Qf4 22. Bxa5 Nf6 23. Bd2 Qc7 24. Be3 Nd7 25. Rxd7 Qxd7 26. Nb6 Qc7 27. Nxc8 Rxc8 28. Bf1 Be5 29. f4 Bd6 30. e5 Bc5 31. b4 Bxe3 32. Qxe3 Rd8 33. Rd2 h5 34. c5 Rxd2 35. Qxd2 Qc6 36. Qd3 Kg7 37. Qc2 h4 38. h3 Qd5 39. Qf2 Qe4 40. a3 g5 41. fxg5 Kg8 42. Qe2 Qd4+ 43. Kh1 Qf4 44. g6 fxg6 45. Qc4 Qf5 46. Qd3 Be4 47. Qd8+ Kh7 48. Qxh4+ Kg8 49. Bc4 Qxe5 50. Qd8+ Kf7 51. Qd6 Bxg2+ 52. Kxg2 Qe4+ 53. Kg3 Qe3+ 54. Kg4 1-0

[Event "Balatonalmadi Pannonia Cup 10th"]
[Site "Balatonalmadi"]
[Date "2005.07.28"]
[Round "2"]
[White "Lund, Arne Birger"]
[Black "Beuselinck, Steven"]
[Result "1-0"]
[WhiteElo "1888"]
[BlackElo "2147"]
[PlyCount "57"]
[EventDate "2005.07.27"]
[EventType "swiss"]
[EventRounds "7"]
[EventCountry "HUN"]
[SourceTitle "EXT 2008"]
[Source "ChessBase"]
[SourceDate "2007.11.25"]
[SourceVersion "1"]
[SourceVersionDate "2007.11.25"]
[SourceQuality "1"]

1. e4 c5 2. d4 cxd4 3. c3 d5 4. exd5 Qxd5 5. cxd4 Nc6 6. Nf3 Bg4 7. Nc3 Bxf3 8. gxf3 Qxd4 9. Qxd4 Nxd4 10. Nb5 0-0-0 11. Nxd4 Rxd4 12. Be3 Rd6 13. Bxa7 Nh6 14. Bb5 e5 15. Rc1+ Kd8 16. Bb8 Rd5 17. Bc7+ Ke7 18. a4 Kf6 19. Ke2 Nf5 20. Bb6 Bb4 21. Rhd1 Rxd1 22. Rxd1 Rc8 23. Kd3 Nd6 24. Bd7 Rc4 25. Bd8+ Kg6 26. Rg1+ Kh6 27. Bg5+ Kh5 28. Be3 f5 29. Bxf5 1-0

[Event "Condom op 3rd"]
[Site "Condom"]
[Date "2004.07.10"]
[Round "1"]
[White "Beuselinck, Steven"]
[Black "Bouthier, Jacques"]
[Result "1-0"]
[WhiteElo "2106"]
[BlackElo "2016"]
[PlyCount "57"]
[EventDate "2004.07.10"]
[EventType "swiss"]
[EventRounds "9"]
[EventCountry "FRA"]
[SourceTitle "CBM 101 Extra"]
[Source "ChessBase"]
[SourceDate "2004.09.01"]
[SourceVersion "2"]
[SourceVersionDate "2004.09.01"]
[SourceQuality "1"]

1. d4 d5 2. Nf3 c6 3. e3 Bf5 4. c4 e6 5. Nc3 Nd7 6. a4 Ngf6 7. Qb3 Rb8 8. Nh4 Bg4 9. h3 Bh5 10. g4 Ne4 11. Nxe4 Qxh4 12. Ng3 Bg6 13. cxd5 exd5 14. e4 Bd6 15. e5 Bc7 16. Bg2 0-0 17. 0-0 f5 18. Bxd5+ Kh8 19. Be6 Nxe5 20. dxe5 f4 21. Nf5 Bxf5 22. Bxf5 Bxe5 23. Qf3 g6 24. Bc2 Rbd8 25. Ra3 Bg7 26. Re1 Rde8 27. Bd2 Re3 28. Raxe3 fxe3 29. Qxe3 1-0

[Event "Geraardsbergen op"]
[Site "Geraardsbergen"]
[Date "2003.08.15"]
[Round "4"]
[White "Willockx, Ritsaart"]
[Black "Beuselinck, Steven"]
[Result "1/2-1/2"]
[WhiteElo "1947"]
[BlackElo "2178"]
[PlyCount "92"]
[EventDate "2003.08.??"]
[EventType "swiss"]
[EventRounds "7"]
[EventCountry "BEL"]
[SourceTitle "EXT 2005"]
[Source "ChessBase"]
[SourceDate "2004.11.15"]
[SourceVersion "1"]
[SourceVersionDate "2004.11.15"]
[SourceQuality "1"]

1. d4 Nf6 2. c4 Nc6 3. Nc3 e5 4. d5 Ne7 5. e4 Ng6 6. Be3 Bb4 7. Bd3 Bxc3+ 8. bxc3 d6 9. f3 b6 10. Ne2 h6 11. 0-0 0-0 12. Qd2 Nh7 13. Ng3 Nh4 14. f4 exf4 15. Bxf4 f5 16. exf5 Bxf5 17. Nxf5 Nxf5 18. Qc2 g6 19. Bxf5 Rxf5 20. Bxh6 Qh4 21. Rxf5 gxf5 22. Bd2 Qxc4 23. Qxf5 Rf8 24. Qe6+ Kh8 25. Be3 c5 26. Bd2 Rf6 27. Qe8+ Kg7 28. Qe7+ Kg8 29. Qe8+ Kg7 30. Qe7+ Kh8 31. Qd8+ Rf8 32. Qxd6 Qe2 33. Bf4 Rf5 34. Bg3 Qe3+ 35. Kh1 Nf8 36. h3 Qxc3 37. Re1 Qd3 38. Qh6+ Kg8 39. Be5 Rf1+ 40. Kh2 Kf7 41. Rxf1+ Qxf1 42. Qg7+ Ke8 43. Qxa7 Nd7 44. Qa8+ Ke7 45. Qc6 Qf5 46. Bd6+ Kf7 1/2-1/2

[Event "Creon op 8th"]
[Site "Creon"]
[Date "2003.07.30"]
[Round "5"]
[White "Klip, Hans"]
[Black "Beuselinck, Steven"]
[Result "1-0"]
[WhiteElo "2372"]
[BlackElo "2111"]
[PlyCount "61"]
[EventDate "2003.07.28"]
[EventType "swiss"]
[EventRounds "9"]
[EventCountry "FRA"]
[SourceTitle "CBM 095 Extra"]
[Source "ChessBase"]
[SourceDate "2003.09.04"]
[SourceVersion "1"]
[SourceVersionDate "2003.09.04"]
[SourceQuality "1"]

1. e4 c5 2. Nf3 e6 3. d4 cxd4 4. Nxd4 a6 5. Bd3 d6 6. 0-0 Nd7 7. c4 b6 8. Nc3 Bb7 9. b3 Ngf6 10. Qe2 Qc7 11. Bb2 g5 12. Rad1 Rg8 13. Bb1 h5 14. Ba3 Ng4 15. Ndb5 axb5 16. Nxb5 Qb8 17. Bxd6 Bxd6 18. Nxd6+ Ke7 19. h3 Nge5 20. f4 gxf4 21. Rxf4 Rg5 22. Qd2 Bc6 23. Nxf7 Nxf7 24. Rxf7+ Kxf7 25. Qxg5 Qh8 26. Qf4+ Ke8 27. Qd6 Rc8 28. Qxe6+ Kd8 29. b4 Rc7 30. b5 Bb7 31. c5 1-0